Creative industries - fashion design in Slovakia <the> case study of Bratislava region
Príspevok analyzuje kreativitu a inovačné aktivity u módnych dizajnérov v Bratislavskom regióne. Dopad globálnej ekonomickej krízy na módne dizajnérstvo na Slovensku.
Salvato in:
| Autore principale: | |
|---|---|
| Altri autori: | |
| Natura: | Capitolo di libro |
| Lingua: | inglese |
| Soggetti: | |
| Tags: |
Nessun Tag, puoi essere il primo ad aggiungerne!!
|
MARC
| LEADER | 00000nla a2200000 4500 | ||
|---|---|---|---|
| 001 | 0168124 | ||
| 005 | 20240502072929.9 | ||
| 041 | 0 | |a eng | |
| 044 | |a SK | ||
| 245 | 1 | 0 | |a Creative industries - fashion design in Slovakia |b <the> case study of Bratislava region |c Rudolf Pástor, Jana Parízková |
| 500 | |a APVV-0101-10 | ||
| 520 | |a Príspevok analyzuje kreativitu a inovačné aktivity u módnych dizajnérov v Bratislavskom regióne. Dopad globálnej ekonomickej krízy na módne dizajnérstvo na Slovensku. | ||
| 610 | 2 | 0 | |a dizajn |
| 610 | 2 | 0 | |a dizajnéri |
| 610 | 2 | 0 | |a priemysel odevný |
| 610 | 2 | 0 | |a kreativita |
| 610 | 2 | 0 | |a Slovensko |
| 610 | 2 | 0 | |a regióny |
| 100 | 1 | |a Pástor, Rudolf | |
| 700 | 1 | |a Parízková, Jana | |